000
00258nam a2200109 a 4500
008
111128s2008|||| d
100
1
_a
Ambrowicz, J.
245
1
0
_a
Ropczyce
_b
Miasto i Gmina
260
_b
Rzeszow
_a
Jota
_c
2008
020
_c
150
044
_a
xo
_c
SK
999
_c
19892
_d
19892